Los dilemas de la democracia en El Salvador: democracia política versus democracia social

Đã lưu trong:
Chi tiết về thư mục
Định dạng: Texto
Những chủ đề:
Các nhãn: Thêm thẻ
Không có thẻ, Là người đầu tiên thẻ bản ghi này!

MARC

LEADER 00000 a a2200000 04500
001 5989
003
040
245 |a Los dilemas de la democracia en El Salvador:   |b democracia política versus democracia social  
650 |a DEMOCRACIA  
650 |a POLITICA  
650 |a ASPECTOS SOCIALES  
650 |a PAZ  
650 |a PARTICIPACION SOCIAL  
650 |a MODERNIZACION  
650 |a AJUSTE ESTRUCTURAL  
650 |a SOCIEDAD CIVIL  
773 |g volumen 16, número 671; páginas 4-6  
999 |c 26457  |d 26457